| 000 | 00936nas a2200313 4500 | ||
|---|---|---|---|
| 001 | BR0807519 | ||
| 003 | BR-BrBNA | ||
| 005 | 20231205112657.0 | ||
| 007 | ta | ||
| 008 | 230509b bl.|||p| |||| 00| 00por d | ||
| 040 |
_aBR-BrBNA _bpor _cBiblioteca Nacional de Agricultura |
||
| 041 | _a(Pt) | ||
| 072 | _aF04 | ||
| 100 | 1 | _aSoratto, R.P | |
| 100 | 1 | _aCardoso, S. de M. | |
| 100 | 1 | _aSilva, A.H. da | |
| 100 | 1 | _aCosta, T.A.M. da | |
| 100 | 1 | _aPereira, M. | |
| 100 | 1 | _aCarvalho, L.A. de | |
| 245 | 1 | _aDoses e épocas de aplicação de nitrogênio em cobertura na cultura do painço ( Panicum miliaceum L.) | |
| 650 | _aPAINÇO | ||
| 650 | _aADUBAÇÃO | ||
| 650 | _aNITROGÊNIO | ||
| 650 | _aGRÃO | ||
| 650 | _aPRODUTIVIDADE | ||
| 773 | 0 |
_tCiência e Agrotecnologia (Brazil) _xISSN 1413-7054 _g(Nov-Dec 2007), v. 31(6) p. 1661-1667 _wBR0807519 |
|
| 909 |
_a202311 _bLúcia _c55 _dLúcia Elande |
||
| 942 |
_2AGRIS _n0 _cANA |
||
| 999 |
_c199323 _d199323 |
||